000 01066 a2200217 4500
005 2008090808368.0
008 080908t xxu||||| |||| 00| 0 hin d
010 _aHIN-79181
020 _a400.00
035 _aHN-51527
037 _bD.B.Act / pub
082 _a160
100 _aश्रीवास्तव, रूपाली
245 _aतर्कशास्त्र
_cरूपाली श्रीवास्तव
246 _aTarkshastra
_bby Rupali Srivastava
260 _aजयपुर
_bयुनिवर्सिटी पब्लिकेशन्स
_c2006
270 _aविश्वविद्यालय प्रकाशन
_bजयपुर
_e302003
_k0141-2324264
300 _aii,iii,234पृ
_c22 सेमी (सजिल्द)
942 _adpl
_cHN
_k160 / श्रीवास्त
_2ddc
_h160
_mश्रीवास्त
999 _c1330
_d1330